Sự hình thành con người

সংরক্ষণ করুন:
গ্রন্থ-পঞ্জীর বিবরন
প্রধান লেখক: Trần, Đức Thảo
বিন্যাস: গ্রন্থ
ভাষা:Undetermined
প্রকাশিত: Hà Nội Đại học Quốc Gia 2004
বিষয়গুলি:
ট্যাগগুলো: ট্যাগ যুক্ত করুন
কোনো ট্যাগ নেই, প্রথমজন হিসাবে ট্যাগ করুন!
Thư viện lưu trữ: Trung tâm Học liệu Trường Đại học Cần Thơ
LEADER 00538nam a2200193Ia 4500
001 CTU_73952
008 210402s9999 xx 000 0 und d
020 |c 19500 
082 |a 128 
082 |b Th108 
100 |a Trần, Đức Thảo 
245 0 |a Sự hình thành con người 
245 0 |c Trần Đức Thảo 
260 |a Hà Nội 
260 |b Đại học Quốc Gia 
260 |c 2004 
650 |a Anthropology 
904 |i Mai Loan, QHieu 
980 |a Trung tâm Học liệu Trường Đại học Cần Thơ